The physics and chemistry of interstellar molecular clouds (Record no. 9788)

MARC details
000 -LEADER
fixed length control field 00999nam a2200241Ia 4500
003 - CONTROL NUMBER IDENTIFIER
control field IN-BaIIA
008 - FIXED-LENGTH DATA ELEMENTS--GENERAL INFORMATION
fixed length control field 211028s9999 xx 000 0 eng d
020 ## - INTERNATIONAL STANDARD BOOK NUMBER
International Standard Book Number 3-540-51297-7
040 ## - CATALOGING SOURCE
Transcribing agency IIA Library
080 ## - UNIVERSAL DECIMAL CLASSIFICATION NUMBER
Universal Decimal Classification number 524.575(082.2)
Item number THE
100 ## - MAIN ENTRY--PERSONAL NAME
Personal name Winnewisser, G.
9 (RLIN) 16570
245 #4 - TITLE STATEMENT
Title The physics and chemistry of interstellar molecular clouds
Remainder of title proceedings of symposium on the physics and chemistry of interstellar molecular clouds, mm and sub-mm observations in astrophysics, held in Zermatt, Swizterland, Europe, 22-25, September 1988
Statement of responsibility, etc. G. Winnewisser and J. A . Armstrong
260 ## - PUBLICATION, DISTRIBUTION, ETC.
Place of publication, distribution, etc. Berlin
Name of publisher, distributor, etc. Springer-Verlag
Date of publication, distribution, etc. 1989
300 ## - PHYSICAL DESCRIPTION
Extent xviii, 463p.
490 ## - SERIES STATEMENT
Series statement Lecture notes in physics; v. 331
650 ## - SUBJECT ADDED ENTRY--TOPICAL TERM
Topical term or geographic name entry element Astronomy and astrophysics thesaurus
650 ## - SUBJECT ADDED ENTRY--TOPICAL TERM
Topical term or geographic name entry element Cosmochemistry
9 (RLIN) 1212
650 ## - SUBJECT ADDED ENTRY--TOPICAL TERM
Topical term or geographic name entry element Galaxies
9 (RLIN) 1286
650 ## - SUBJECT ADDED ENTRY--TOPICAL TERM
Topical term or geographic name entry element Interstellar clouds
9 (RLIN) 15931
650 ## - SUBJECT ADDED ENTRY--TOPICAL TERM
Topical term or geographic name entry element Molecular clouds
9 (RLIN) 11776
700 ## - ADDED ENTRY--PERSONAL NAME
Personal name Armstrong, J. A .
9 (RLIN) 16571
942 ## - ADDED ENTRY ELEMENTS (KOHA)
Koha item type Books
Holdings
Withdrawn status Lost status Damaged status Not for loan Home library Current library Shelving location Date acquired Cost, normal purchase price Total Checkouts Full call number Barcode Date last seen Cost, replacement price Price effective from Koha item type Purchase Price
        IIA Library-Bangalore IIA Library-Bangalore General Stacks   941.60   524.575(082.2)/ THE 10698 05/11/2021 941.60   Books Rs. 941.60

Powered by Koha